| 000 | 00603nam a2200121Ia 4500 | ||
|---|---|---|---|
| 008 | 220620s9999||||xx |||||||||||||| ||und|| | ||
| 100 | _aHillyard, Samantha | ||
| 245 | 0 | _aSociology of Rural Life | |
| 546 | _aEnglish[eng] | ||
| 650 | _asociology||sociologie||Epidemic||Ethnography||Ferdinand Tönnies||Foot-and-mouth disease||Rural area||Rural sociology||Soke (legal) | ||
| 856 | _uhttps://library.oapen.org/bitstream/20.500.12657/34634/1/390771.pdf||https://library.oapen.org/bitstream/20.500.12657/34634/1/390771.pdf||https://library.oapen.org/bitstream/20.500.12657/34634/1/390771.pdf | ||
| 942 | _cEB | ||
| 999 |
_c25575 _d25575 |
||